| 000 | 00554nam a2200181Ia 4500 | ||
|---|---|---|---|
| 003 | IN-BaIIA | ||
| 008 | 211028s9999 xx 000 0 eng d | ||
| 040 | _cIIA Library | ||
| 080 |
_a047.1:539.1 _bPRO-3 |
||
| 245 | 0 |
_aProgress in nuclear physics _bvol. 3 _cedited by O. R Frisch |
|
| 260 |
_aLondon _bPergamon Press _c1953 |
||
| 300 | _avii, 279p. | ||
| 650 |
_aHigh Energy Interactions _92782 |
||
| 650 | _aNASA Thesaurus | ||
| 650 |
_aNuclear Research _92783 |
||
| 700 |
_aFrisch, O. R., ed. _92784 |
||
| 942 | _cBK | ||
| 999 |
_c1342 _d1342 |
||